<?xml version="1.0" encoding="UTF-8"?>
<record
    xmlns:xsi="http://www.w3.org/2001/XMLSchema-instance"
    xsi:schemaLocation="http://www.loc.gov/MARC21/slim http://www.loc.gov/standards/marcxml/schema/MARC21slim.xsd"
    xmlns="http://www.loc.gov/MARC21/slim">

  <leader>00379    a2200109   4500</leader>
  <controlfield tag="001">ART_51998</controlfield>
  <controlfield tag="005">20260410162045.0</controlfield>
  <controlfield tag="008">260409a                                 </controlfield>
  <datafield tag="245" ind1="1" ind2="0">
    <subfield code="a">La renta por la enajenaci&#xF3;n de las monedas digitales y el principio de reserva de ley en materia tributaria</subfield>
  </datafield>
  <datafield tag="100" ind1="1" ind2=" ">
    <subfield code="a">Coronello, Silvina E.</subfield>
  </datafield>
  <datafield tag="773" ind1="0" ind2=" ">
    <subfield code="t">Impuestos</subfield>
    <subfield code="g">- N&#xB0;75 (mayo 2020)</subfield>
    <subfield code="w">REV45175</subfield>
  </datafield>
  <datafield tag="999" ind1=" " ind2=" ">
    <subfield code="c">35265</subfield>
    <subfield code="d">35265</subfield>
  </datafield>
</record>
